000 02485nam0a2200421 4500
001 RU\NLR\bibl\1120417
005 20250615064610.0
010 _a978-5-8333-0272-9
_9100
021 _aRU
_b2007-46146
_92458
035 _a(nilc)RSL-KNO-003145678
035 _a(NLR Aleph) 001107401
090 _a1216521
_c1216521
100 _a20070712d2007 |||y0rusy50 ca
101 0 _arus
102 _aRU
105 _aa |||||||||
200 1 _aХимия пищевых и биологически активных добавок
_eучебное пособие
_fГ.Ф. Музыченко, С.Д. Бурлака, Г.Д. Крапивин
_gФедер. агентство по образованию, Гос. образоват. учреждение высш. проф. образования "Куб. гос. технол. ун-т"
210 _aКраснодар
_cКубанский государственный технологический университет
_d2007
215 _a93 с.
_cил., табл.
_d21
320 _aБиблиогр.: с. 92-93 (30 назв.)
606 1 _aПищевые добавки
_jУчебные издания для высших учебных заведений
_xХимия
_91862162
_3RU\NLR\auth\66844758
606 1 _aПищевые добавки биологически активные
_jУчебные издания для высших учебных заведений
_xГигиенические требования
_92484445
_3RU\NLR\auth\661474597
610 0 _aЗдравоохранение. Медицинские науки -- Гигиена питания -- Состав, пищевая и биологическая ценность продуктов питания -- Учебник для высшей школы
610 0 _aбиодобавки
686 _aР123.02я73-1
_2rubbk
686 _aЛ815.4я73-1
686 _aР123.02я73
700 1 _aМузыченко
_bГ. Ф.
_gГалина Федоровна
_4070
701 1 _4070
_aБурлака
_bС. Д.
_cканд. хим. наук
_gСветлана Дмитриевна
_9185866
_3RU\NLR\AUTH\770185917
701 1 _4070
_aКрапивин
_bГ. Д.
_cд-р хим. наук
_gГеннадий Дмитриевич
_9185940
_3RU\NLR\AUTH\770185991
801 0 _aRU
_bРКП
_c20070712
_grcr
801 1 _aRU
_bРГБ
_c20070712
801 2 _aRU
_bNLR
_c20070824
_grcr
942 _cBOOK
980 _aNB
980 _aNBR